000 00640cam a2200241u 4500
001 23219
003 BD-RjUL
005 20211209000915.0
008 140310s1960 ii 000 0 eng d
035 _a(BD-RjUL)23284
040 _aDLC
_cCarP
_dBD-RjUL
_beng
041 _aeng
082 _a891.4
_bANO 1960
100 1 _aAnand, Mulk Raj,
_d1905-2004.
_956318
245 1 4 _aThe old woman and the cow /
260 _aBombay :
_bKutub-Popular,
_c1960.
300 _a287 p. ;
_c19 cm.
650 _aFiction.
_971574
651 0 _aIndia
_vFiction.
_942686
942 _2ddc
_cBK
999 _c23219
_d23219